| 000 | 00756nam a2200241 a 4500 | ||
|---|---|---|---|
| 001 | 64214 | ||
| 003 | BD-RJUL | ||
| 005 | 20211209081301.0 | ||
| 008 | 170212s1968 enka b 001 0 eng d | ||
| 035 | _a(BD-RJUL)64344 | ||
| 040 |
_aBD-RJUL _cBD-RJUL _dBD-RJUL _beng |
||
| 041 | _aeng | ||
| 082 |
_223 _a928.2 _bDOV 1968. |
||
| 100 | 1 |
_aDoughty, Oswald. _9190694 |
|
| 245 | 1 | 2 |
_aA Victorian romantic : _bDante Gabriel Rossetti / _cby Oswald Doughty. |
| 250 | _a2nd ed. | ||
| 260 |
_aLondon : _bOxford University Press, _c1960 [Reprinted1968] |
||
| 300 |
_a712 p. : _bill. ; _c22 cm. |
||
| 500 | _aIncludes Index. | ||
| 600 | 1 | 0 |
_aRossetti, Dante Gabriel, _d1828-1882. _9190881 |
| 650 | 0 |
_aPoets, English _y19th century _vBiography. _9190696 |
|
| 942 |
_2ddc _cBK |
||
| 999 |
_c64214 _d64214 |
||